000 00578nam a2200193Ia 4500
003 IN-BaIIA
008 211028s9999 xx 000 0 eng d
040 _cIIA Library
080 _a530.145
_bWEN
100 _aWentzel, Gregor
_92812
245 0 _aQuantum theory of fields
_cGregor Wentzel
260 _aNew York
_bInterscience Publishers
_c1949
300 _aix, 224p.
650 _aAstronomy and astrophysics thesaurus
650 _aField theory
_92813
650 _aQuantum mechanics
650 _aQuantum theory
942 _cBK
999 _c1361
_d1361